[Event "Calgary op 10th"]
[Site "Calgary"]
[Date "2017.08.05"]
[Round "5"]
[White "Findlay, Ian T"]
[Black "Garcia Franco, Juan Carlos"]
[Result "0-1"]
[WhiteElo "2226"]
[BlackElo "1842"]
[PlyCount "92"]
[EventDate "2017.08.02"]
[EventType "swiss"]
[EventRounds "9"]
[EventCountry "CAN"]
[SourceTitle "EXT 2018"]
[Source "ChessBase"]
[SourceDate "2017.10.13"]
[SourceVersion "1"]
[SourceVersionDate "2017.10.13"]
[SourceQuality "1"]

1. Nf3 Nf6 2. c4 e6 3. g3 d5 4. b3 Be7 5. Bg2 0-0 6. 0-0 c5 7. e3 Nc6 8. Bb2 b6 9. a3 Bb7 10. d3 Qd7 11. Nbd2 Rfd8 12. Qe2 dxc4 13. dxc4 Qd3 14. Rfe1 Na5 15. Qxd3 Rxd3 16. Bf1 Rdd8 17. Bc3 Nxb3 18. Ra2 Nxd2 19. Nxd2 Bd6 20. Bg2 Bxg2 21. Kxg2 Bc7 22. Bxf6 gxf6 23. Rd1 Rd3 24. Kf3 Rad8 25. Ke2 f5 26. a4 Kg7 27. Rc1 Kf6 28. f4 Ke7 29. e4 fxe4 30. Nxe4 R3d4 31. Nd2 a5 32. Ra3 h5 33. Re3 Kf6 34. Ne4+ Kg6 35. Kf3 R8d7 36. h3 Re7 37. Nf2 Red7 38. Ne4 Rd1 39. Rcc3 R7d4 40. g4 hxg4+ 41. hxg4 Rf1+ 42. Ke2 Rxf4 43. Nd2 Rxg4 44. Red3 Rg2+ 45. Kd1 Rgg4 46. Kc2 f5 0-1